Pokémon - Les attaques de Hastacuda - Statistiques

Statistiques générales
  • Ce quiz a été pris 21 fois
  • Le résultat moyen est 6 sur 11
Statistiques - réponses
Niveaux Types Noms des attaques % Correct
Niveau 40 Ténèbres Mâchouille
93%
Départ Ténèbres Morsure
93%
Départ Eau Aqua-Jet
79%
Niveau 56 Normal Damoclès
79%
Niveau 48 Eau Aqua-Brèche
64%
Départ Vol Picpic
64%
Niveau 18 Psy Hâte
50%
Départ Ténèbres Exécu-Son
43%
Niveau 24 Eau Plongée
36%
Niveau 32 Normal Affilage
7%
Départ Normal Furie
7%
Aucun quiz correspondant
Distribution des résultats
% des personnes avec chaque résultat
Percentile par nombre de réponses
Votre historique - résultats
Vous n’avez pas pris ce quiz